000 00289nam a22001337a 4500
008 181126b xxu||||| |||| 00| 0 eng d
020 _a9781118133576
041 _aeng
080 _a541
100 _a12
101 _akim
245 _aOrganic Chemistry
_cSolomomns.G
942 _2udc
_cBK
999 _c52485
_d52485